Quizzes
Events
Quiz Creation
Community
Videos
Private Events
Remove Ads
Sign In
Join for FREE
Feedback
Dark Mode
Quiz Categories
Sports
Geography
Music
Movies
Television
Just For Fun
Miscellaneous
History
Literature
Language
Science
Gaming
Entertainment
Religion
Holiday
For Kids
Quiz Lab
Recent
Popular Today
Quiz Kudos Today
Editor Picks
Curator Picks
Quizzes by...
Day
Popularity
Type
Ratings
Length
Year
Community
Subscriptions
Recent Discussions
Orange Saloon
Badges
Playlists
Quests
Create
Leaderboards
Showdown
Live 5
Trivia Bingo
Activity
Puzzle Library
Sporcle Events
Private Events
Virtual Trivia
Globe League
Become a Host
Pub Owners
SporcleCon
Opinionation
Our Games
Videos
Blog
Mobile Apps
Partnerships
Remove Ads and Go Orange
Feedback
Music
Pop Music
The Beatles
Song
Album
Lyrics
Bands
Singers
Artist
Clip
Rock
Rap
Classical
Billboard
Country Music
Kpop
Taylor Swift
Music
Pop Music
The Beatles
Song
Album
Lyrics
Bands
Singers
Artist
Clip
Rock
Rap
Classical
Billboard
Country Music
Kpop
Taylor Swift
Random Quiz
Search Sporcle
×
Quiz Lab
Quiz Lab
Music
Artist
Type in answers that appear in a list
Type in answers that appear in a list
Classic
Best Score? Go Orange.
Song Lyrics Stats
Can you name the Songs/artists from First/Last Lyrics?
By
mcmuwat
5m
25 Questions
32 Plays
32 Plays
32 Plays
Comments
Comments
Give Quiz Kudos
Give Quiz Kudos
-
- Ratings
hide this ad
Replay
Link that replays current quiz
Next Quiz
Link to next quiz in quiz playlist
You Got
0%
They Got
Avg Score
30%
Avg Friend Score
Upgrade to see
Score Distribution
Jump to the score distribution portion of the page
Score
0/25
Timer
05:00
0
Plays Today
Lyric
song
% Correct
'Anyway the wind blows'-
Last
Bohemian Rhapsody
81.3%
'Tommy used to work on the docks'-
First
Livin' on a prayer
75%
'...but that was when I ruled the world'-
Last
Viva la Vida
75%
'Hello darkness my old friend'-
First
The Sound of Silence
71.9%
'Sending out an S.O.S.'-
Last
Message in a Bottle
56.3%
'I'm sailing away'-
First
Come Sail Away
43.8%
'Picture yourself in a boat on a river'-
First
Lucy in the sky with diamonds
43.8%
'A loaded God complex, cock it and pull it'-
Last
Sugar we're going down
43.8%
'Out here in the fields, I fight for my meals'-
First
Baba O Riley
40.6%
'One pill makes you larger'-
First
White Rabbit
31.3%
'My future is coming on'-
Last
Clint Eastwood
28.1%
'She calls out to the man on the street'-
First
Another Day In Paradise
25%
'Life's like a road that you travel on'-
First
Life is a Highway
21.9%
Lyric
song
% Correct
'He gets right on to the friction of the day'-
Last
Tom Sawyer
15.6%
'Well, I stand up next to a mountain'-
First
Voodoo Child (Slight Return)
15.6%
'As he came into the window...'-
First
Smooth Criminal
15.6%
'I hear the voices when I'm dreaming, I can hear them say,'-
Last
Carry on My Wayward Son
15.6%
'Is your secret safe tonight'-
First
The Resistance
12.5%
'Me and all my friends, we're all misunderstood'-
First
Waiting on the World to Change
9.4%
'But when we are gone, will it still burn on, and on, and on, and on,'-
Last
We Didn't Start the Fire
9.4%
'Well I can't work in fast food all my life'-
Last
Sell Out
6.3%
'I'll know my name as it's called again'-
Last
The Cave
6.3%
'Wub wub wub wub wub wub'-
First/
Last
Any song by Skrillex
6.3%
'I might be too strung out on compliments'-
First
Headlines
3.1%
'Soon you will be on Sugar Hill in Harlem'-
Last
Take the 'A' Train
3.1%
Quiz Playlist
Details
Report
Send in Message
Add To Playlist
Classic:
Type in answers that appear in a list
Last Updated: Feb 16, 2017
Quiz Scoreboard
CHALLENGE
Sign Up to Join the Scoreboard
Show All
Scores
Hide
Comments
May contain spoilers
Recently Published
9x9 Crossword: Cartoon Network
by jackfrog10
Miscellaneous
3m
College Basketball Coaching Resumes
by pancakes188
Sports
9m
Billboard Blitz: Fleetwood Mac
by CooCooCachoo
Music
15s
More to Explore
Quiz From the Vault
Featured Blog Post
Where Did the Easter Bunny Come From?
hide this ad
You Might Also Like...
Tags
Artist Quiz
Song Quiz
last
Today's Top Quizzes in Music
Browse Music
hide this ad
Today's Top Quizzes in Artist
Browse Artist
Top Contributed Quizzes in Music
1
Taylor Swift All Songs (2024)
2
Guess the Artist- 70s Songs
3
7-to-1: Billboard Hot 100 #1 Hits of 2010s
4
Sorting Albums and Songs
5
Taylor Swift Logic Puzzle
6
KPOP LOGIC QUIZ
7
Guess the Taylor Swift song (Mystery Song)
8
Guess The Taylor Swift Lyrics Song #1
9
Billboard Blitz: ABBA
10
One Thing in Common: Music
Explore More
Trending Topics
Kpop
Crossword
NBA
Marvel
Harry Potter
Anime
Disney
Puzzle
Soccer
Country
Song
The Office
Pokémon
WWE
NFL
hide this ad
More By:
mcmuwat
Quiz
Plays
Rating
Category
Featured
Created
Song Lyrics
32
3.00
Music
Sep 19, 2012
Go to Creator's Profile
Score Distribution
Quiz Creator Spotlight
mcmuwat
Follow
Send a Message
Quizzes Created
-
Created Quiz Play Count
-
More By This Creator
Popular Quizzes Today
1
Find the US States - No Outlines Minefield
2
Find the Countries of Europe - No Outlines Minefield
3
The Countries of the World
4
Find the US States
5
Risky Map Clicking: Biggest States A-Z
6
US States
7
Popular People in 1961
8
Movies - When Are They Set?
More Music Quizzes
Venn Diagram: Guitar Gods
Editor's Pick
Trending Quizzes
Risky Map Clicking: Least Populous States A-Z
1-10 Letter G Words
1-10 Letter F Words
Risky Map Clicking: Next State Alphabetically
Adjectives in 80s TV Shows
Recently Updated
Leaping Animals
pecheneg
Reality TV Shows (A-Z)
bhenderson79
Rickey Henderson's Hall of Fame Teammates
pecheneg
Champions League XIs: Arsenal
pecheneg
Quick Pick: Celebrities in WWE's Hall of Fame
aduchscher
A-Z Keypad Blitz II
pecheneg
Multiple Oscar Actors
pecheneg
Mystery Phrase Blitz: Oscar 'Best Actors'
pecheneg
F. Scott Fitzgerald Novels
LTH
Pick 3 Villains
ddd62291
Trending Topics
Crossword
Harry Potter
Anime
Marvel
Disney
NBA
Kpop
The Office
Puzzle
Soccer
Country
Pokémon
Song
NFL
WWE
Your Account Isn't Verified!
In order to create a playlist on Sporcle, you need to verify the email address you used during registration. Go to your
Sporcle Settings
to finish the process.
Report this User
Report this user for behavior that violates our
Community Guidelines
.
Details:
Send Report
Go to the Sporcle.com Mobile Site →
Comments